000
00284nam a2200121Ia 4500
008
240614s9999 xx 000 0 und d
041
_a
eng
100
_a
Bhagat, Chetan
245
_a
Girl in Room 105
260
_b
Rupa Publication
_c
2018
_a
Pune
300
_a
304
650
_a
General
999
_c
358720
_d
358720